[Event "Bucharest Tim"]
[Site "Bucharest"]
[Date "1993.??.??"]
[Round "9"]
[White "Tomescu, Vlad"]
[Black "Iordachescu, Viorel"]
[Result "1-0"]
[WhiteElo "2435"]
[BlackElo "2305"]

1.d4 Nf6 2.c4 Nc6 3.Nc3 e5 4.d5 Ne7 5.e4 Ng6 6.h4 h5 7.Bg5 Bc5 8.g3 d6 9.Bh3 Ne7
10.Bxf6 gxf6 11.Qd3 c6 12.Bxc8 Qxc8 13.Nge2 f5 14.f3 Bb4 15.O-O-O fxe4 16.fxe4 cxd5
17.cxd5 a6 18.Rdf1 Qg4 19.Rf6 Ng8 20.Rf5 f6 21.Kb1 Qg6 22.Rhf1 Ba5 23.Qc4 Kd8
24.Qa4 Bc7 25.R5f3 Rh7 26.Qb4 Rb8 27.Nc1 Rf7 28.Nd3 Nh6 29.Rc1 b5 30.Nf2 Rd7
31.a4 a5 32.Qb3 b4 33.Nb5 Bb6 34.Qd3 Bc5 35.Ka2 Ng4 36.Nxg4 hxg4 37.Rf5 Ke7
38.h5 Qh6 39.Rcf1 Rf8 40.Qe2 Qg7 41.Rh1 Kd8 42.Rh4 Rg8 43.h6 Qg6 44.h7 Rxh7
45.Rxh7 Qxh7 46.Rxf6 Rg6 47.Rf8+ Ke7 48.Qf1 Qg7 49.Rc8 Qf6 50.Qc4 Qf2 51.Nxd6 Bxd6
52.Qc6 b3+ 53.Kxb3 Qxg3+ 54.Ka2 Kf7 55.Qd7+ Be7 56.Qe8+ Kg7 57.Qxe7+  1-0

[Event "CZE-chT"]
[Site "?"]
[Date "1993.??.??"]
[Round "?"]
[White "Mitura, Vaclav"]
[Black "Talla, Vladimir"]
[Result "1-0"]
[WhiteElo "2260"]
[BlackElo "2225"]

1.d4 Nf6 2.c4 Nc6 3.Nf3 e6 4.Nc3 Bb4 5.e3 d5 6.Bd2 O-O 7.a3 Bxc3 8.Bxc3 a5
9.Qc2 Bd7 10.Bd3 h6 11.O-O Qe7 12.Rfe1 Rfd8 13.Rad1 Qe8 14.e4 dxc4 15.Bxc4 Ne7
16.d5 exd5 17.exd5 Bf5 18.Qb3 Ne4 19.Qxb7 Qd7 20.d6 Nxc3 21.bxc3 cxd6 22.Rxe7  1-0

[Event "FRA"]
[Site "FRA"]
[Date "1993.??.??"]
[Round "?"]
[White "Kallai, Gabor"]
[Black "Chevallier, Didier"]
[Result "1/2-1/2"]
[WhiteElo "2450"]
[BlackElo "2295"]

1.d4 Nf6 2.c4 Nc6 3.Nf3 e6 4.Nc3 Bb4 5.Qc2 d5 6.a3 Bxc3+ 7.Qxc3 Ne4 8.Qc2 Qf6
9.e3 Qg6 10.Nh4 Qf6 11.Nf3 Qg6 12.b4 Ng5 13.Ra2 Nxf3+ 14.gxf3 dxc4 15.Qxg6 hxg6
16.Bxc4 a6 17.Rc2 Rh5 18.f4 Bd7 19.h4 O-O-O 20.f3 Ne7 21.e4 Bb5 22.Bxb5 axb5
23.Be3 Nc6 24.Rd2 Nb8 25.Ke2 Nd7 26.Rc2 Nf6 27.Bf2 Ne8 28.Rc5 c6 29.Ra1 Nd6
30.a4 bxa4 31.Rxa4 Nb5 32.Ra8+ Kd7 33.Rxd8+ Kxd8 34.Rxh5 gxh5 35.Kd3 Kd7
36.Kc4 Kd6 37.Bg3 f5 38.Bf2 Nc7 39.Kd3 Ne8 40.Be1 Kc7 41.Bf2 Nf6  1/2-1/2

[Event "Gausdal Int"]
[Site "Gausdal"]
[Date "1993.??.??"]
[Round "1"]
[White "Hillarp Persson, Tiger"]
[Black "Hagesaether, Paal Vegard"]
[Result "1-0"]
[WhiteElo "2300"]
[BlackElo "2125"]

1.d4 Nf6 2.c4 Nc6 3.Nf3 e6 4.Nc3 Bb4 5.Bg5 h6 6.Bh4 g5 7.Bg3 Ne4 8.Qd3 Nxg3
9.hxg3 Qf6 10.e3 d6 11.a3 Bxc3+ 12.Qxc3 Bd7 13.Bd3 O-O-O 14.b4 h5 15.c5 Kb8
16.Nd2 h4 17.gxh4 gxh4 18.b5 Ne7 19.cxd6 cxd6 20.Ne4 Nd5 21.Nxf6 Nxc3 22.Kd2 Na4
23.Nxd7+ Rxd7 24.g3 h3 25.Rh2 f5 26.Rah1 Rdh7 27.Bf1 Nb6 28.Rxh3 Rxh3 29.Rxh3 Rxh3
30.Bxh3 Nc4+ 31.Kd3 Nxa3 32.d5 e5 33.Bxf5 Nxb5 34.g4 Kc7 35.f4 exf4 36.exf4 Kd8
37.g5 Ke7 38.Be6 Kf8 39.f5 Kg7 40.f6+ Kg6 41.Bf5+ Kf7 42.Bg4 a5 43.Bh5+  1-0

[Event "Heraklio summer"]
[Site "Heraklio"]
[Date "1993.??.??"]
[Round "8"]
[White "Vragoteris, Antonios"]
[Black "Zahariev, Zahari"]
[Result "1/2-1/2"]
[WhiteElo "2310"]
[BlackElo "2380"]

1.d4 Nf6 2.c4 Nc6 3.Nf3 d6 4.d5 Ne5 5.Nxe5 dxe5 6.Nc3 e6 7.e4 Bc5 8.Be2 O-O
9.O-O c6 10.Bg5 h6 11.Bh4 Bd4 12.Bf3 g5 13.Bg3 exd5 14.exd5 cxd5 15.Nxd5 Be6
16.Re1 Bxd5 17.cxd5 Re8 18.Qd3 Qd7 19.h4 g4 20.Be4 h5 21.Rad1 Nxe4 22.Rxe4 Bxb2
23.Rde1 f5 24.Rxe5 Bxe5 25.Rxe5 Rxe5 26.Bxe5 Re8 27.Bc3 Rc8 28.Bb2 b5 29.Qd4 Kh7
30.d6 a5 31.Qf6 b4 32.Qg5 Qf7 33.d7 Qxd7 34.Qxh5+ Kg8 35.Qh8+ Kf7 36.Qf6+ Ke8
37.h5 Qd1+ 38.Kh2 g3+ 39.Kxg3 Qg4+ 40.Kh2 Qxh5+ 41.Kg1 Qd1+ 42.Kh2  1/2-1/2

[Event "Horni Becva op"]
[Site "Horni Becva"]
[Date "1993.??.??"]
[Round "6"]
[White "Babula, Vlastimil"]
[Black "Talla, Vladimir"]
[Result "1/2-1/2"]
[WhiteElo "2395"]
[BlackElo "2225"]

1.d4 Nf6 2.c4 Nc6 3.Nf3 e6 4.Nc3 Bb4 5.Qc2 O-O 6.Bg5 h6 7.Bd2 d6 8.a3 Bxc3
9.Bxc3 Qe7 10.g3 e5 11.d5 Nb8  1/2-1/2

[Event "Katowice op"]
[Site "Katowice"]
[Date "1993.??.??"]
[Round "4"]
[White "Maksimenko, Andrei"]
[Black "Iordachescu, Viorel"]
[Result "1-0"]
[WhiteElo "2430"]
[BlackElo "2305"]

1.d4 Nf6 2.c4 Nc6 3.Nf3 e6 4.g3 Bb4+ 5.Bd2 Qe7 6.Nc3 O-O 7.Bg2 Bxc3 8.Bxc3 Ne4
9.Rc1 d6 10.d5 Nxc3 11.Rxc3 Nd8 12.O-O a5 13.Qc2 Bd7 14.Nd2 Rc8 15.e4 b6
16.f4 f6 17.h4 Nf7 18.Bf3 Rce8 19.Re1 Nd8 20.Rce3 Kh8 21.Kf2 Qf7 22.Qc3 Nb7
23.e5 fxe5 24.dxe6 Rxe6 25.Bxb7 exf4 26.Rf3 fxg3+ 27.Kg2 Rxe1 28.Rxf7 Rxf7
29.Nf3 Re2+ 30.Kxg3 Rfe7 31.Qd4 Be8 32.Bd5 Bg6 33.a3 a4 34.Qf4 Re8 35.Bc6 Rb8
36.Qg5 Be8 37.Bd5 Rxb2 38.h5 h6 39.Qf5 Bxh5 40.Qxh5 Rb3 41.Kg4 Rxa3 42.Qg6  1-0

[Event "Las Vegas op"]
[Site "Las Vegas"]
[Date "1993.??.??"]
[Round "3"]
[White "Maki, James"]
[Black "Yermolinsky, Alex"]
[Result "0-1"]
[WhiteElo "2285"]
[BlackElo "2615"]

1.d4 Nf6 2.c4 Nc6 3.d5 Ne5 4.Qc2 e6 5.e4 Bb4+ 6.Bd2 Qe7 7.Be2 exd5 8.cxd5 O-O
9.Nc3 d6 10.O-O-O c6 11.h3 cxd5 12.exd5 Bd7 13.f4 Ng6 14.g3 Bxc3 15.Bxc3 Ne4
16.Bg4 f5 17.Bf3 Nxg3 18.Rh2 Rac8 19.Kb1 Nxf4 20.Qb3 Ne4 21.Bd4 b6 22.Ne2 Ng6
23.h4 Nxh4 24.Bh1 f4 25.Nc3 f3 26.Rf1 Nf5 27.Qd1 Nxc3+ 28.bxc3 Qe4+ 29.Kb2 Nxd4
30.cxd4 Bg4 31.Rhf2 Rc4  0-1

[Event "Las Vegas op"]
[Site "Las Vegas"]
[Date "1993.??.??"]
[Round "3"]
[White "Weinberger, Tibor"]
[Black "Orlov, Georgi"]
[Result "0-1"]
[WhiteElo "2240"]
[BlackElo "2495"]

1.d4 Nf6 2.c4 Nc6 3.Nf3 e6 4.g3 Bb4+ 5.Bd2 Qe7 6.a3 Bxd2+ 7.Qxd2 d6 8.Bg2 e5
9.d5 Nb8 10.Nc3 a5 11.O-O a4 12.Qc2 Bd7 13.e4 O-O 14.Rae1 Ra5 15.Re2 Na6
16.Ne1 Nc5 17.f4 Nb3 18.Re3 Ng4 19.Rd3 Nc5 20.Rdf3 f5 21.h3 Nh6 22.Re3 exf4
23.Rxf4 g5 24.Rf1 Qg7 25.Qd2 Nb3 26.Qd1 Rc5 27.exf5 Nxf5 28.Ref3 Nbd4 29.R3f2 Re8
30.Ne4 Rxc4 31.Qd3 Bb5 32.g4 Rc1 33.Qxb5 Nxb5 34.Rxf5 Kh8 35.Nxg5 Rexe1  0-1

[Event "Minsk-B"]
[Site "Minsk"]
[Date "1993.??.??"]
[Round "3"]
[White "Tunik, Gennady"]
[Black "Vlassov, Nikolai"]
[Result "1/2-1/2"]
[WhiteElo "2465"]
[BlackElo "2385"]

1.d4 Nf6 2.c4 Nc6 3.Nf3 e6 4.g3 Bb4+ 5.Nbd2 a5 6.Bg2 d6 7.O-O e5 8.a3 Bxd2
9.Qxd2 Bg4 10.dxe5 dxe5 11.Qe3 O-O 12.Nxe5 Nxe5 13.Qxe5 Re8 14.Qb5 Bxe2 15.Re1 Ng4
16.Qxb7 Nxf2 17.Qd5 Nd3 18.Bg5 Qxd5 19.Bxd5 Rab8 20.Reb1 Rxb2 21.Rxb2 Nxb2
22.Rc1 Nd3 23.Rb1 Ne5 24.Bf4 Bxc4 25.Bxe5 Bxd5 26.Bxc7 a4 27.Rb8  1/2-1/2

[Event "Nikolaev zt"]
[Site "Nikolaev"]
[Date "1993.??.??"]
[Round "?"]
[White "Ryskin, Alexander"]
[Black "Nevednichy, Vladislav"]
[Result "1/2-1/2"]
[WhiteElo "2505"]
[BlackElo "2495"]

1.d4 Nf6 2.c4 Nc6 3.Nf3 e6 4.Nc3 Bb4 5.Bg5 h6 6.Bh4 g5 7.Bg3 Ne4 8.Qc2 Nxg3
9.hxg3 g4 10.d5 gxf3 11.dxc6 fxe2 12.cxd7+ Bxd7 13.Bxe2 Bc6 14.a3 Bc5 15.Ne4 Bxe4
16.Qxe4 Qd4  1/2-1/2

[Event "Odorheiu Secuiesc-B"]
[Site "Odorheiu Secuiesc"]
[Date "1993.??.??"]
[Round "1"]
[White "Ionescu, Constantin"]
[Black "Iordachescu, Viorel"]
[Result "1/2-1/2"]
[WhiteElo "2460"]
[BlackElo "2375"]

1.d4 Nf6 2.c4 Nc6 3.Nc3 e5 4.d5 Ne7 5.Nf3 Ng6 6.h4 h5 7.Bg5 Be7 8.g3 d6 9.e4 Ng4
10.Be2 Nf8 11.Bxe7 Qxe7 12.Nh2 Nxh2 13.Rxh2 g6 14.Qd2 Nd7 15.O-O-O Nf6 16.f3 Kf8
17.Rf1 Kg7 18.f4 exf4 19.Rxf4 Nd7 20.Rhf2 Ne5 21.Qd4 Rf8 22.Nd1 f6 23.Ne3 c5
24.Qc3 Bd7 25.g4 hxg4 26.Bxg4 b5 27.Bxd7 Qxd7 28.Rg2 b4 29.Qb3 Kh8 30.Ng4 Qh7
31.Qc2 a5 32.Qe2 Rf7 33.Qf1 Raf8 34.Rgf2 a4 35.Nxe5 dxe5 36.Rxf6 Qh6+ 37.Kc2 b3+
38.axb3 axb3+ 39.Kd3 Rxf6 40.Rxf6 Rg8 41.Qe1 Qh5 42.Kc3 Qg4 43.Rf7 Qh3+ 44.Kd2 Rg7
45.Rf8+ Kh7 46.Qf2 Qh1 47.Qe1 Qh3 48.Qf2 Qh1  1/2-1/2

[Event "Paris-ch"]
[Site "Paris"]
[Date "1993.??.??"]
[Round "8"]
[White "Derieux, Christian"]
[Black "Chevallier, Didier"]
[Result "0-1"]
[WhiteElo "2285"]
[BlackElo "2295"]

1.d4 Nf6 2.c4 Nc6 3.Nc3 e5 4.d5 Ne7 5.e4 Ng6 6.Be3 Bb4 7.Bd3 c6 8.Rc1 O-O
9.f3 Qe7 10.Ne2 Nh5 11.a3 Bc5 12.b4 Bxe3  0-1

[Event "US op"]
[Site "Philadelphia"]
[Date "1993.??.??"]
[Round "?"]
[White "Conover, Wayne"]
[Black "Yermolinsky, Alex"]
[Result "0-1"]
[WhiteElo "2310"]
[BlackElo "2605"]

1.d4 Nf6 2.c4 Nc6 3.Nc3 e5 4.d5 Ne7 5.e4 Ng6 6.g3 Bb4 7.Bg2 Bxc3+ 8.bxc3 d6
9.Ne2 b6 10.O-O O-O 11.Bg5 h6 12.Bxf6 Qxf6 13.Nc1 Qe7 14.Nb3 f5 15.exf5 Bxf5
16.Qe2 Rae8 17.Be4 Qg5 18.f3 Nf4 19.Qd2 Bxe4 20.fxe4 Qg4 21.Kh1 Nh5 22.Qe3 Rf6
23.Rxf6 Nxf6 24.Nd2 Qh5 25.Re1 Rf8 26.Qe2 Qxe2 27.Rxe2 Nd7 28.Kg2 Nc5 29.Nb3 Na4
30.Rc2 g5 31.h3 h5 32.Nc1 g4 33.hxg4 hxg4 34.Nd3 Rf3 35.Nf2 Rxc3 36.Rxc3 Nxc3  0-1

[Event "Polanica Zdroj op"]
[Site "Polanica Zdroj"]
[Date "1993.??.??"]
[Round "5"]
[White "Jasnikowski, Zbigniew"]
[Black "Vlassov, Nikolai"]
[Result "1-0"]
[WhiteElo "2450"]
[BlackElo "2380"]

1.d4 Nf6 2.c4 Nc6 3.Nf3 e6 4.Nc3 Bb4 5.Bd2 O-O 6.Qc2 d6 7.a3 Bxc3 8.Bxc3 Qe7
9.b4 e5 10.dxe5 Nxe5 11.Nxe5 dxe5 12.g3 Qe6 13.Bb2 Re8 14.Bg2 Qg4 15.O-O Qh5
16.f3 a5 17.Bc3 Be6 18.g4 Qg5 19.Bd2 Qg6 20.Qxg6 hxg6 21.c5 axb4 22.axb4 Bc4
23.Kf2 e4 24.g5 e3+ 25.Bxe3 Rxa1 26.Rxa1 Nd5 27.Ra3 Nxb4 28.f4 b5 29.cxb6 cxb6
30.Ra4 Nc2 31.Bc6 Re6 32.Rxc4 Nxe3 33.Rc1 Kh7 34.h3 Kg8 35.Bb5 Nf5 36.Rc8+ Kh7
37.Bd3 Nd6 38.Rb8 Ne4+ 39.Kf3 Nd2+ 40.Kg4 Nf1 41.h4 f5+  1-0

[Event "St Martin op"]
[Site "St Martin"]
[Date "1993.??.??"]
[Round "9"]
[White "Gurevich, Dmitry"]
[Black "Denny, Kevin"]
[Result "1-0"]
[WhiteElo "2495"]
[BlackElo "2260"]

1.d4 Nf6 2.c4 Nc6 3.Nc3 e5 4.d5 Ne7 5.e4 Ng6 6.Bd3 Bc5 7.h3 c6 8.Nge2 h5
9.O-O a6 10.a3 h4 11.b4 Ba7 12.d6 Nh5 13.c5 b6 14.Na4 bxc5 15.bxc5 Qf6 16.Bc4 Rb8
17.Be3 Ngf4 18.Nxf4 Nxf4 19.Bxf4 Qxf4 20.Qg4 Qxg4 21.hxg4 Rb5 22.Bxb5 cxb5
23.Nb6 Bb7 24.a4 bxa4 25.Rxa4 h3 26.f3 Bxb6 27.cxb6 hxg2 28.Kxg2 Rh6 29.Rd1 Rh8
30.Rc4  1-0

[Event "SWZ-chT"]
[Site "?"]
[Date "1993.??.??"]
[Round "?"]
[White "Giertz, Niklaus"]
[Black "Boog, Alexandre"]
[Result "1-0"]
[WhiteElo "2235"]
[BlackElo "2325"]

1.d4 Nf6 2.c4 Nc6 3.Nf3 e6 4.Nc3 Bb4 5.Qc2 d5 6.Bg5 h6 7.Bxf6 Qxf6 8.a3 Bxc3+
9.Qxc3 O-O 10.e3 Re8 11.Rc1 e5 12.dxe5 Nxe5 13.Nxe5 Rxe5 14.cxd5 Bg4 15.Qd4 Bd7
16.Be2 Qd6 17.Bf3 Bc6 18.Qc5 Bxd5 19.Qxd6 cxd6 20.Bxd5 Rxd5 21.Ke2 Rb5 22.Rc2 Kf8
23.Rd1 Rd8 24.Rd4 Rd7 25.b4 a5 26.Kd3 Ke7 27.Rc8 Rb6 28.Kc3 axb4+ 29.Rxb4 Rc6+
30.Rc4 Rb6 31.R8c7 Rxc7 32.Rxc7+ Ke6 33.Rc4 Rb1 34.Re4+ Kd7 35.Rb4 Rc1+ 36.Kd2 Ra1
37.Rxb7+ Ke6 38.Rb3 Ra2+ 39.Ke1 g5 40.g3 g4 41.Kf1 f5 42.Kg2 h5 43.Rb8 Rxa3
44.Rh8 Ra2 45.Rxh5 Rd2 46.h3 gxh3+ 47.Rxh3 Ra2 48.Rh4 Ke5 49.Kf3 Rb2 50.Rh8 Ra2
51.Re8+ Kd5 52.Rf8 Ke5 53.g4 fxg4+ 54.Kxg4 Ra1 55.Re8+ Kf6 56.Kf4 Ra4+ 57.Re4 Ra2
58.f3 Ra1 59.Rd4 Ke6 60.e4 Ra3 61.Rd5 Rb3 62.Rh5 Ra3 63.Rh6+ Ke7 64.Kg4 Ra4
65.Kf5 Ra5+ 66.Kg6 Ra4 67.Rh7+ Ke6 68.f4 Rxe4 69.f5+ Kd5 70.f6 Rf4 71.Rh8 Rf1
72.f7 Ke4 73.f8=Q Rg1+ 74.Kh5  1-0

[Event "SWZ-chT"]
[Site "?"]
[Date "1993.??.??"]
[Round "?"]
[White "Georges, Sacha"]
[Black "Boog, Alexandre"]
[Result "1-0"]
[WhiteElo "2310"]
[BlackElo "2325"]

1.d4 Nf6 2.c4 Nc6 3.Nc3 e5 4.d5 Ne7 5.g3 Ng6 6.Bg2 Bc5 7.a3 d6 8.Na4 Qe7
9.Nxc5 dxc5 10.e4 O-O 11.Ne2 Ne8 12.Be3 b6 13.Rc1 a5 14.O-O a4 15.f4 f6 16.f5 Nh8
17.g4 Nd6 18.Rc3 Nhf7 19.Ng3 Ba6 20.Qc1 Nb7 21.Bf3 Na5 22.h4 Nd6 23.Be2 Nb3
24.Rxb3 axb3 25.g5 Kh8 26.g6 Qd7 27.Rf2 hxg6 28.fxg6 Qh3 29.Nf5 Nxe4 30.Bh6 Nxf2
31.Bxg7+ Kg8 32.Qh6 Qh2+  1-0

[Event "Tilburg"]
[Site "Tilburg"]
[Date "1993.??.??"]
[Round "1"]
[White "Lutz, Christopher"]
[Black "Jongsma, Alexander"]
[Result "1-0"]
[WhiteElo "2605"]
[BlackElo "2295"]

1.d4 Nf6 2.c4 Nc6 3.Nf3 d6 4.Nc3 e5 5.d5 Ne7 6.e4 Ng6 7.h3 Be7 8.Be3 h6 9.Qd2 c5
10.Bd3 Bd7 11.Ne2 Nh5 12.Rg1 Nh4 13.Nxh4 Bxh4 14.g3 Bg5 15.f4 exf4 16.gxf4 Bh4+
17.Kd1 Bf6 18.Nc3 Qa5 19.e5 dxe5 20.Qe2 e4 21.Nxe4 Ba4+ 22.Bc2 O-O-O 23.Qxh5 Bxc2+
24.Kxc2 Qa4+ 25.b3 Qe8 26.Qf5+ Kb8 27.Rae1  1-0

[Event "Zagreb zt (Women)"]
[Site "Zagreb"]
[Date "1993.??.??"]
[Round "5"]
[White "Misanovic, Vesna"]
[Black "Klinova, Masha"]
[Result "1-0"]
[WhiteElo "2385"]
[BlackElo "2215"]

1.d4 Nf6 2.c4 Nc6 3.Nf3 e6 4.g3 Bb4+ 5.Nbd2 O-O 6.Bg2 Ne4 7.O-O Nxd2 8.Bxd2 Bxd2
9.Qxd2 d6 10.d5 Ne7 11.dxe6 Bxe6 12.Ng5 Bc8 13.Rac1 h6 14.Nf3 Ng6 15.Rfd1 Qf6
16.Nd4 a6 17.b4 Rb8 18.b5 Re8 19.Qa5 b6 20.Qd2 Ne7 21.bxa6 Bxa6 22.Nb5 Rec8
23.Bh3 Bb7 24.a4 Ng6 25.Bxc8 Rxc8 26.Nc3 h5 27.Nd5 Qe6 28.Qe3 Qd7 29.c5 bxc5
30.a5 Re8 31.Qf3 Ba6 32.Rd2 h4 33.Ne3 hxg3 34.hxg3 Ne5 35.Qf5 Qc6 36.Qh3 Qa4
37.Kg2 Bb7+ 38.f3 Nxf3 39.exf3 Rxe3 40.Rf1 Qxa5 41.Rdf2 Re6 42.Rh1 Rh6 43.Qf5 Rxh1
44.Kxh1 Qe1+ 45.Kg2 Qe8 46.Rb2 Qc6 47.Re2 Kf8 48.Qh5 f6 49.Kh2 Qb5 50.Qh8+ Kf7
51.Re3 Qd7 52.Rb3 Qc6 53.Qd8 c4 54.Re3 c3 55.Re7+ Kg6 56.Qg8 Kf5 57.Qh7+  1-0

[Event "Budapest FS02 GM"]
[Site "Budapest"]
[Date "1994.??.??"]
[Round "3"]
[White "Dao Thien Hai"]
[Black "Silman, Jeremy D"]
[Result "0-1"]
[WhiteElo "2495"]
[BlackElo "2405"]

1.d4 Nf6 2.c4 Nc6 3.Nc3 e5 4.d5 Ne7 5.e4 Ng6 6.Be3 Bb4 7.f3 Bxc3+ 8.bxc3 d6
9.Bd3 O-O 10.Ne2 Nd7 11.Qd2 b6 12.Bg5 f6 13.Be3 Nc5 14.Bxc5 bxc5 15.h4 f5
16.h5 Nf4 17.Nxf4 exf4 18.Qc2 Qg5 19.O-O-O fxe4 20.Bxe4 Bf5 21.Rde1 Bxe4
22.Rxe4 Rae8 23.Rhe1 Rxe4 24.Qxe4 Qxh5 25.a4 a5 26.Qe7 Qf7 27.Re4 h6 28.Qxf7+ Rxf7
29.Re8+ Kh7 30.Kd2 Rf5 31.Kd3 Rg5 32.Re2 Kg6 33.Rb2 Kf5 34.Rb7 Rxg2 35.Rxc7 Rg6
36.Rf7+ Ke5 37.Re7+ Kf6 38.Ra7 h5 39.Rxa5 h4 40.Rb5 Rg2 41.Rb8 Rf2 42.a5 Rxf3+
43.Kc2 Rf1 44.Kb2 Re1 45.Rd8 Kg5 46.a6 Re7 47.Rxd6 f3 48.Re6 Rf7 49.Re1 f2
50.Rf1 Kg4 51.a7 Rxa7 52.Rxf2 h3 53.Rd2 g5 54.d6 Rd7 55.Kc2 Kg3 56.Rd5 g4  0-1

[Event "Budapest FS07 GM"]
[Site "Budapest"]
[Date "1994.??.??"]
[Round "7"]
[White "Szabolcsi, Janos"]
[Black "Bliumberg, Vladislav"]
[Result "1/2-1/2"]
[WhiteElo "2450"]
[BlackElo "2360"]

1.d4 Nf6 2.c4 Nc6 3.d5 Ne5 4.e4 e6 5.Nc3 Bb4 6.Qd4 d6 7.h3 O-O 8.Be2 Bc5
9.Qd2 exd5 10.cxd5 c6 11.Nf3 cxd5 12.Nxe5 d4 13.Nd3 dxc3 14.Qf4 cxb2 15.Bxb2 Re8
16.O-O Nxe4 17.Bh5 Qd7 18.Nxc5 dxc5 19.Rfe1 Qf5 20.Qg3 f6 21.Qf3 g6 22.Bg4 Qxf3
23.Bxf3 f5 24.Rad1 Be6 25.Bxe4 fxe4 26.Rxe4 Bxa2 27.Rxe8+ Rxe8 28.Rd7 Re1+
29.Kh2 Rb1 30.Rg7+ Kf8 31.Rxb7 Ke8 32.Kg3 c4 33.Rb5 Kd7 34.Rd5+ Kc6 35.Rd2 Bb3
36.Kf4 a5 37.Ke5 Kb5 38.Kd4 Rd1 39.Rxd1 Bxd1 40.Kc3 Be2 41.h4 Kc5 42.g3 Kd5
43.Bc1 Ke4 44.Be3 Kd5 45.Bc1 Bd1 46.Ba3 Bb3 47.Bf8 Ke4 48.Bc5 Kf3 49.Bb6 a4
50.Bc5 Ke2 51.h5 Kf3 52.hxg6 hxg6 53.Kd2 g5 54.Kc3 g4 55.Kd2 Kg2 56.Kc3 Kf1
57.Kd2 Ba2 58.Bd4 Bb1 59.Kc3 Ba2 60.Kd2  1/2-1/2

[Event "Budapest FS02 GM"]
[Site "Budapest"]
[Date "1994.??.??"]
[Round "12"]
[White "Lukacs, Peter"]
[Black "Silman, Jeremy D"]
[Result "1/2-1/2"]
[WhiteElo "2485"]
[BlackElo "2405"]

1.d4 Nf6 2.c4 Nc6 3.Nf3 e6 4.Nc3 Bb4 5.e3 O-O 6.Bd3 d5 7.O-O dxc4 8.Bxc4 a6
9.h3 h6 10.Re1 Bd6 11.e4 e5 12.Be3 b5 13.Bb3 Bb7 14.dxe5  1/2-1/2

[Event "CAN-ch"]
[Site "CAN"]
[Date "1994.??.??"]
[Round "4"]
[White "Koliada, Timour"]
[Black "Piasetski, Leon David"]
[Result "0-1"]
[WhiteElo "2345"]
[BlackElo "2365"]

1.d4 Nf6 2.c4 Nc6 3.Nf3 e6 4.Nc3 Bb4 5.Qc2 d6 6.e3 O-O 7.Bd3 e5 8.d5 Nb8
9.Nd2 Qe7 10.f3 c6 11.e4 Nh5 12.Nf1 Nf4 13.Ne3 g6 14.Bd2 Nxd3+ 15.Qxd3 f5
16.O-O-O Na6 17.exf5 Nc5 18.Qe2 gxf5 19.g4 f4 20.Nc2 a5 21.Kb1 Bd7 22.Rhe1 Qf7
23.h4 Rae8 24.Ne4 Nxe4 25.Qxe4 c5 26.Re2 Bxd2 27.Rexd2 b5 28.Na3 b4 29.Nc2 Re7
30.Ne1 Qg6 31.Re2 Qxe4+ 32.Rxe4 h5 33.Rd2 hxg4 34.Ree2 g3 35.Ng2 Bh3 36.Re1 Rh7
37.Rh1 Bxg2 38.Rxg2 Kf7 39.Kc2 Rfh8 40.Kb3 Rxh4 41.Rxh4 Rxh4 42.Ka4 Rh2  0-1

[Event "Cannes op"]
[Site "Cannes"]
[Date "1994.??.??"]
[Round "2"]
[White "Relange, Eloi"]
[Black "Chevallier, Didier"]
[Result "1-0"]
[WhiteElo "2420"]
[BlackElo "2295"]

1.d4 Nf6 2.c4 Nc6 3.Nc3 e5 4.d5 Ne7 5.e4 Ng6 6.Nge2 Bc5 7.h3 c6 8.Qb3 d6
9.g3 h5 10.Bg2 a6 11.Bg5 h4 12.O-O-O Qc7 13.Rhf1 hxg3 14.fxg3 Bxh3 15.Bxh3 Rxh3
16.Bxf6 gxf6 17.Rxf6 Rd8 18.Kb1 Rd7 19.Na4 Ba7 20.c5 Kf8 21.cxd6 Rxd6 22.Rxd6 Qxd6
23.Qxb7 Bf2 24.Qc8+  1-0

[Event "Cappelle op"]
[Site "Cappelle la Grande"]
[Date "1994.??.??"]
[Round "6"]
[White "Van der Griendt, Jan Willem"]
[Black "Ippolito, Manuel"]
[Result "1-0"]
[WhiteElo "2390"]
[BlackElo "2200"]

1.d4 Nf6 2.c4 Nc6 3.Nf3 e6 4.Nc3 Bb4 5.Qc2 d5 6.a3 Be7 7.Bg5 O-O 8.e3 b6
9.Rc1 Bb7 10.Bd3 h6 11.Bxf6 Bxf6 12.cxd5 exd5 13.O-O Re8 14.b4 Ne7 15.Rfd1 a5
16.b5 Qd6 17.a4 c5 18.dxc5 bxc5 19.Bh7+ Kh8 20.Ne4 Qb8 21.Nxc5 Rc8 22.Bd3 Qa7
23.Nd4 Rc7 24.Qb3 Qxc5 25.Rxc5 Rxc5 26.Qb2 Rac8 27.Qd2 Rc3 28.Ne2 d4 29.exd4 Ra3
30.Qxa5 Nd5 31.h3 Ra8 32.Qe1 R8xa4 33.Nc3 Ra8 34.Nxd5 Bxd5 35.Be4 Re8 36.f3 Rb3
37.Qa5 Bc4 38.Qa4 Rc8 39.Bc6 Rc3 40.Qb4 Rc2 41.Qa4 Rc3  1-0

[Event "USA-op"]
[Site "Chicago"]
[Date "1994.??.??"]
[Round "?"]
[White "Levit, Roman"]
[Black "Terrie, Henry L"]
[Result "1-0"]
[WhiteElo "2265"]
[BlackElo "2210"]

1.d4 Nf6 2.c4 Nc6 3.Nf3 e6 4.d5 exd5 5.cxd5 Bb4+ 6.Nc3 Ne7 7.e4 O-O 8.Bd3 Ng6
9.O-O d6 10.a3 Ba5 11.b4 Bb6 12.Na4 Re8 13.Nxb6 axb6 14.Qc2 Bd7 15.Nd4 Ne5
16.f3 c6 17.dxc6 bxc6 18.Bg5 h6 19.Bh4 Ng6 20.Bg3 Ne5 21.Rfe1 Rc8 22.Ba6 Rc7
23.Bf1 Qe7 24.Rad1 Rec8 25.Ba6 Ra8 26.Nb5 cxb5 27.Qxc7 Rxa6 28.Rxd6 Nc4 29.Rd3 Rxa3
30.Rxa3 Nxa3 31.Bd6 Qe6 32.Qxb6 Nc4 33.Qb8+ Kh7 34.Bc5  1-0

[Event "Chicago op"]
[Site "Chicago"]
[Date "1994.??.??"]
[Round "4"]
[White "Finegold, Benjamin"]
[Black "Yermolinsky, Alex"]
[Result "1/2-1/2"]
[WhiteElo "2475"]
[BlackElo "2620"]

1.d4 Nf6 2.c4 Nc6 3.Nf3 e6 4.Nc3 Bb4 5.Qc2 d6 6.Bg5 h6 7.Bd2 e5 8.d5 Bxc3
9.Bxc3 Ne7 10.e3 Bf5 11.Qa4+ Nd7 12.Be2 O-O 13.b4 a5 14.bxa5 c6 15.Qa3 Nf6
16.dxc6 Nxc6 17.c5 Ne4 18.cxd6 Nxc3 19.Qxc3 Rxa5 20.Rd1 Qf6 21.a4 Rd8 22.Bb5 Rxd6
23.O-O e4 24.Qxf6 Rxf6 25.Nd4 Nxd4 26.Rxd4 b6 27.h3 Ra7 28.Rc1 h5 29.Rc6 Rxc6
30.Bxc6 Rc7 31.Rd8+ Kh7 32.Rd6 g6 33.h4 Kg7 34.Bb5 Rb7 35.Kh2 Kf8 36.Rd8+ Ke7
37.Re8+ Kf6 38.Kg3 Re7 39.Rb8 Re6 40.Rd8 Ke7 41.Rd7+ Kf8 42.Bc4 Re7 43.Rd6 Rb7
44.Kf4 Ke7 45.Ke5 Rc7 46.Bd5 Bd7 47.Rxb6 Bxa4 48.Bxe4 Be8 49.Bd5 Ra7 50.f4 Bd7
51.e4 Ra1 52.Rb7 f6+ 53.Kd4 Rd1+ 54.Ke3 Kd6 55.Rb8 Ke7 56.Rg8 Be8 57.Rg7+ Kf8
58.Rg8+ Ke7 59.Rg7+ Kf8 60.Ra7 f5 61.Ra5 fxe4 62.Kxe4 Re1+ 63.Kd4 Kg7 64.Bf3 Bf7
65.Rg5 Kf6 66.Be4 Rd1+ 67.Bd3 Rh1 68.g3 Ra1 69.f5 Ra4+ 70.Ke3 gxf5 71.Rxf5+ Kg7
72.Rg5+ Kf6 73.Be4 Ra6 74.Kf4 Rb6 75.Rf5+ Kg7 76.Bf3 Rf6  1/2-1/2

[Event "Frydek-Mistek op"]
[Site "Frydek-Mistek"]
[Date "1994.??.??"]
[Round "?"]
[White "Czerwonski, Aleksander"]
[Black "Berezjuk, Sergej"]
[Result "0-1"]
[WhiteElo "2420"]
[BlackElo "2375"]

1.d4 Nf6 2.c4 Nc6 3.Nf3 e6 4.a3 d6 5.Nc3 g6 6.e4 Bg7 7.Be2 O-O 8.O-O Re8
9.Be3 e5 10.dxe5 dxe5 11.Qxd8 Rxd8 12.Nd5 Ne8 13.h3 Be6 14.Rfd1 Nd4 15.Nxd4 exd4
16.Bc1 c6 17.Nf4 Nc7 18.Bd3 a5 19.b3 Na6 20.Nxe6 fxe6 21.Bg5 Re8 22.Rab1 Nc5
23.Kf1 h6 24.Bf4 e5 25.Bc1 Rf8 26.Ke2 Rf7 27.f3 Kh7 28.Bd2 b6 29.b4 axb4
30.axb4 Nxd3 31.Kxd3 Rfa7 32.Kc2 Ra2+ 33.Kd3 h5 34.Rb3 Bh6 35.f4 Bxf4 36.Bxf4 exf4
37.Rf1 g5 38.h4 Kg6 39.Kxd4 Rd2+ 40.Kc3 Rxg2 41.hxg5 Rg3+  0-1

[Event "Isle of Man op"]
[Site "Isle of Man"]
[Date "1994.??.??"]
[Round "2"]
[White "Agnos, Demetrios"]
[Black "Williams, Simon"]
[Result "1/2-1/2"]
[WhiteElo "2425"]
[BlackElo "2185"]

1.d4 Nf6 2.c4 Nc6 3.Nc3 e5 4.d5 Ne7 5.g3 Ng6 6.h4 h5 7.Nh3 Bc5 8.Ng5 a5 9.Bg2 d6
10.Qc2 Ng4 11.Nce4 Bb4+ 12.Kf1 f5 13.a3 O-O 14.axb4 fxe4 15.Bxe4 Rxf2+ 16.Ke1 Ne7
17.Bf3 Bf5 18.Qb3 Qf8 19.Be3 Rxf3 20.exf3 Nxe3 21.Qxe3 axb4 22.Kf2 c5 23.dxc6 Nxc6
24.Qb6 Rb8 25.Kg2 Qf6 26.Raf1 Bd3 27.Rf2 Bxc4 28.Rc1 d5 29.Qc5 b6 30.Qe3 Ne7
31.Rxc4 dxc4 32.Qe4 g6 33.Qxc4+ Kh8 34.Ne4 Qg7 35.Qc7 Rf8 36.Rd2 Rc8 37.Qxb6 Nf5
38.Qxb4 Ne3+ 39.Kf2 Nc2 40.Rxc2 Rxc2+ 41.Ke3 Rc8 42.Qd6 Qc7 43.Qxc7 Rxc7
44.b4 Rf7 45.Ng5 Rc7 46.Ne6 Rf7  1/2-1/2

[Event "Litomysl op"]
[Site "Litomysl"]
[Date "1994.??.??"]
[Round "?"]
[White "Obsivac, Josef"]
[Black "Berezjuk, Sergej"]
[Result "1-0"]
[WhiteElo "2310"]
[BlackElo "2375"]

1.d4 Nf6 2.c4 Nc6 3.Nf3 e6 4.Nc3 Bb4 5.Bg5 h6 6.Bh4 g5 7.Bg3 Ne4 8.Qc2 f5
9.e3 d6 10.Bd3 Bxc3+ 11.bxc3 Nxg3 12.hxg3 Qf6 13.O-O-O Bd7 14.Nd2 O-O-O 15.Nb3 Kb8
16.Qb2 Ka8 17.Kb1 e5 18.c5 d5 19.Ka1 f4 20.Rb1 Rb8 21.Bb5 exd4 22.exd4 Bf5
23.Rbe1 fxg3 24.fxg3 Rhf8 25.Rhf1 Qg6 26.Qf2 a6 27.Bxc6 bxc6 28.Re5 Bd7 29.Qxf8 Rxf8
30.Rxf8+ Ka7 31.Re7 Qc2 32.Rxd7 Qxc3+ 33.Kb1 a5 34.Rxc7+ Ka6 35.Rb8  1-0

[Event "Lloyds Bank op"]
[Site "London"]
[Date "1994.??.??"]
[Round "3"]
[White "Gual Pascual, Antonio"]
[Black "Yermolinsky, Alex"]
[Result "1/2-1/2"]
[WhiteElo "2395"]
[BlackElo "2590"]

1.d4 Nf6 2.c4 Nc6 3.Nc3 e5 4.d5 Ne7 5.g3 Ng6 6.h4 h5 7.Bh3 Bb4 8.Qb3 Bxc3+
9.Qxc3 d6 10.Bg5 Bxh3 11.Nxh3 Qd7 12.f3 c6 13.dxc6 bxc6 14.e4 d5 15.cxd5 cxd5
16.exd5 Nxd5 17.Qd3 Nb6 18.Qxd7+ Kxd7 19.Rh2 Ke6 20.Rc2 Rhc8 21.Rac1 Rxc2
22.Rxc2 f6 23.Bd2 Rc8 24.Rxc8 Nxc8 25.Ke2 Nd6 26.Be3 a6 27.Nf2 Nf5 28.Ne4 Kd5
29.Kd3 Nxe3 30.Kxe3 f5 31.Nc3+ Kc4 32.Nb1 Ne7 33.Nd2+ Kd5 34.Kd3 Nc6 35.a3 Nd4
36.b4 Nb5 37.Nb1 e4+ 38.Ke3 Ke5 39.a4 Nd6 40.Nd2 g6 41.b5 axb5 42.axb5 Nxb5
43.fxe4 fxe4  1/2-1/2